000 00322nam a22001337a 4500
020 _a978-1-4072-3902-6
082 _a823
_bSIM/H
100 _aFRANCESCA SIMON
245 _aHORRID HENRY'S CAR JOURNEY
260 _aGREAT BRITAIN
_bORION
_c2011
300 _a78
650 _aCHILDREN'S STORY BOOK
_zUNITED KINGDOM
942 _cBK
999 _c121
_d121